Understanding general chemistry / (Record no. 20703)

MARC details
000 -LEADER
fixed length control field 01546cam a2200349 i 4500
001 - CONTROL NUMBER
control field 22272036
003 - CONTROL NUMBER IDENTIFIER
control field OSt
005 - DATE AND TIME OF LATEST TRANSACTION
control field 20250609115903.0
008 - FIXED-LENGTH DATA ELEMENTS--GENERAL INFORMATION
fixed length control field 211014s2022 flu b 001 0 eng
010 ## - LIBRARY OF CONGRESS CONTROL NUMBER
LC control number 2021042249
020 ## - INTERNATIONAL STANDARD BOOK NUMBER
International Standard Book Number 9781032189147
Qualifying information (paperback)
020 ## - INTERNATIONAL STANDARD BOOK NUMBER
International Standard Book Number 9781032189406
Qualifying information (hardback)
020 ## - INTERNATIONAL STANDARD BOOK NUMBER
Canceled/invalid ISBN 9781003257059
Qualifying information (ebook)
040 ## - CATALOGING SOURCE
Original cataloging agency DLC
Language of cataloging eng
Transcribing agency DLC
Description conventions rda
Modifying agency DLC
042 ## - AUTHENTICATION CODE
Authentication code pcc
050 00 - LIBRARY OF CONGRESS CALL NUMBER
Classification number QD33.2
Item number .K67 2022
082 00 - DEWEY DECIMAL CLASSIFICATION NUMBER
Classification number 540
Edition number 23/eng/20211112
100 1# - MAIN ENTRY--PERSONAL NAME
Personal name Korchef, Atef,
Relator term author.
245 10 - TITLE STATEMENT
Title Understanding general chemistry /
Statement of responsibility, etc. Atef Korchef.
250 ## - EDITION STATEMENT
Edition statement First edition.
264 #1 - PRODUCTION, PUBLICATION, DISTRIBUTION, MANUFACTURE, AND COPYRIGHT NOTICE
Place of production, publication, distribution, manufacture Boca Raton :
Name of producer, publisher, distributor, manufacturer CRC Press, Taylor & Francis Group,
Date of production, publication, distribution, manufacture, or copyright notice 2022.
300 ## - PHYSICAL DESCRIPTION
Extent xiii, 266 pages :
Other physical details illustrations (some color) ;
Dimensions 28 cm
336 ## - CONTENT TYPE
Content type term text
Content type code txt
Source rdacontent
337 ## - MEDIA TYPE
Media type term unmediated
Media type code n
Source rdamedia
338 ## - CARRIER TYPE
Carrier type term volume
Carrier type code nc
Source rdacarrier
504 ## - BIBLIOGRAPHY, ETC. NOTE
Bibliography, etc Includes bibliographical references and index.
520 ## - SUMMARY, ETC.
Summary, etc. "This introy textbook details the fundamentals of general chemistry through a wide range of topics, relating the structure of atoms and molecules to the properties of matter, in an easy to understand format with helpful pedagogy. Ideal for chemistry courses for non-science majors, health sciences and preparatory engineering students"--
Assigning source Provided by publisher.
650 #0 - SUBJECT ADDED ENTRY--TOPICAL TERM
Topical term or geographic name as entry element Chemistry.
906 ## - LOCAL DATA ELEMENT F, LDF (RLIN)
a 7
b cbc
c orignew
d 1
e ecip
f 20
g y-gencatlg
942 ## - ADDED ENTRY ELEMENTS (KOHA)
Source of classification or shelving scheme Library of Congress Classification
Koha item type General Collection
Holdings
Withdrawn status Lost status Source of classification or shelving scheme Not for loan Home library Current library Shelving location Date acquired Cost, normal purchase price Inventory number Total Checkouts Full call number Barcode Date last seen Date last checked out Copy number Price effective from Koha item type
    Library of Congress Classification   Kabarak, Main Campus Kabarak, Main Campus General Stacks 09/06/2025 7002.60 2025/2036 2 QD33.2 .K67 2022 C.1 33239 08/12/2025 23/11/2025 C.1 09/06/2025 General Collection
    Library of Congress Classification   Kabarak, Main Campus Kabarak, Main Campus General Stacks 09/06/2025 7002.60 2025/2035   QD33.2 .K67 2022 C.2 33233 09/06/2025   C.2 09/06/2025 General Collection
    Library of Congress Classification   Kabarak, Main Campus Kabarak, Main Campus General Stacks 09/06/2025 7002.60 2025/2037 1 QD33.2 .K67 2022 C.3 33240 15/12/2025 27/11/2025 C.3 09/06/2025 General Collection
Designed with assistance from East African Informatics Ltd